RDA and cartographic resources

Gespeichert in:
Bibliographische Detailangaben
1. Verfasser: ANDREW, Paige G. Moore, Susan M. Larsgaard, Mary Lynette
Format: Buch
Sprache:Englisch
Veröffentlicht: Facet 2015
Tags: Tag hinzufügen
Keine Tags, Fügen Sie den ersten Tag hinzu!

MARC

LEADER 00000nam a22000007a 4500
008 230816b |||||||| |||| 00| 0 eng d
020 |a 9781783307722 
100 |a ANDREW, Paige G.  |a Moore, Susan M.  |a Larsgaard, Mary Lynette 
245 |a RDA and cartographic resources  |c  / Paige G. Andrew, Susan M. Moore, Mary Lynette Larsgaard.  |g vi, 144p; ill 
260 |b Facet  |c 2015  |h London  |i 700476  |i 700477  |l Z695.6.An2  |m Resource Description & access  |m Cataloging of cartographic materials 
500 |a it includes index 
942 |a lcc  |c BK  |e Johnson  |f 16/06/23 
952 |0 0  |1 0  |2 lcc  |4 0  |6 Z06956 A N2  |7 0  |9 4382  |a ED  |b HOL  |c LP  |d 2023-08-16  |l 0  |o Z695.6.An2  |p 2023-0307  |r 2023-08-16 00:00:00  |t 700476  |w 2023-08-16  |y BK 
952 |0 0  |1 0  |2 lcc  |4 0  |6 Z06956 A N2  |7 0  |9 4383  |a HOL  |b HOL  |c LP  |d 2023-08-16  |l 0  |o Z695.6.An2  |r 2023-08-16 00:00:00  |t 700477  |w 2023-08-16  |y BK 
999 |c 2199  |d 2199